Holiday Quiz

Random Holiday or Halloween Quiz

Episode Title References: Simpsons Halloween Segments Quiz Stats

 Plays Quiz Updated Oct 26, 2016

Score 0/30 Timer 08:00
0 Plays Today
Segment Title Original Title/Name/Expression etc. % Correct
FrinkensteinFrankenstein
92%
E.T., Go HomeE.T., Phone Home
91.8%
Hex and the CitySex and the City
91.6%
The ShinningThe Shining
91.6%
TweenlightTwilight
90.4%
Citizen KangCitizen Kane
90.2%
Nightmare on Evergreen TerraceNightmare on Elm Street
89.2%
B.I.: Bartifical IntelligenceA.I.: Artificial Intelligence
88.8%
Survival of the FattestSurvival of the Fittest
88.6%
UNnormal ActivityParanormal Activity
88.3%
War and PiecesWar and Peace
88%
The Greatest Story Ever HoledThe Greatest Story Ever Told
87.8%
Four Beheadings and a FuneralFour Weddings and a Funeral
87.3%
Time and PunishmentCrime and Punishment
86.1%
The Day the Earth Looked StupidThe Day the Earth Stood Still
85%
Segment Title Original Title/Name/Expression etc. % Correct
Starship PoopersStarship Troopers
84.8%
Mr. & Mrs. SimpsonMr. & Mrs. Smith
84.6%
Dial 'Z' for ZombiesDial 'M' for Murder
82%
Bart & Homer's Excellent AdventureBill & Ted's Excellent Adventure
80.2%
In the Belly of the BossIn the Belly of the Beast
73%
Send in the ClonesSend in the Clowns
72.7%
Master and CadaverMaster and Commander: The Far Side of the World
70.1%
In the Na'ViIn the Navy
68.6%
Married to the BlobMarried to the Mob
67.6%
House of WhacksHouse of Wax
65.7%
Attack of the 50-Foot EyesoresAttack of the 50-Foot Woman
65%
Don't Have a Cow, MankindDon't Have a Cow, Man
61.2%
I've Grown a Costume on Your FaceI've Grown Accustomed to Her Face
60.3%
The Fright to Creep and Scare HarmsRight to Keep and Bear Arms
49.1%
The Diving Bell and ButterballThe Diving Bell and the Butterfly
40.8%

You're not logged in!

Compare scores with friends on all Sporcle quizzes.
OR
Log In

Sporcle TV

Today on Sporcle TV


Watch our educational content, quiz creation guides, and fun videos on Sporcle TV.

Show Comments

Extras

Top Quizzes Today


Score Distribution

Your Account Isn't Verified!

In order to create a playlist on Sporcle, you need to verify the email address you used during registration. Go to your Sporcle Settings to finish the process.

Report this User

Report this user for behavior that violates our Community Guidelines.

Details: